Functioning of the emissions trading scheme and environmental taxes

Environmentálna politika Európskej únie. Príjmy z environmentálnych daní v EÚ. Systém obchodovania s emisiami v EÚ.

Guardado en:
Detalles Bibliográficos
Autor principal: Válek, Juraj, 1981-
Formato: Capítulo de libro
Lenguaje:inglés
Materias:
Etiquetas: Agregar Etiqueta
Sin Etiquetas, Sea el primero en etiquetar este registro!

MARC

LEADER 00000naa$a2200000$$$4500
001 0227128
005 20240502083609.9
041 0 |a eng 
044 |a PL 
245 1 0 |a Functioning of the emissions trading scheme and environmental taxes  |c Juraj Válek 
520 |a Environmentálna politika Európskej únie. Príjmy z environmentálnych daní v EÚ. Systém obchodovania s emisiami v EÚ. 
610 2 0 |a politika environmentálna 
610 2 0 |a Európska únia 
610 2 0 |a emisie 
610 2 0 |a obchod 
610 2 0 |a dane ekologické 
610 2 0 |a príjmy 
100 1 |a Válek, Juraj, 1981-